Bogotá hoy : (Registro nro. 5046)

Detalles MARC
000 -LEADER
fixed length control field 01204nam a2200229Ia 4500
003 - CONTROL NUMBER IDENTIFIER
control field OSt
005 - DATE AND TIME OF LATEST TRANSACTION
control field 20200507113752.0
008 - FIXED-LENGTH DATA ELEMENTS--GENERAL INFORMATION
fixed length control field 191128s1994 ck ad gr 000 0 spa d
040 ## - CATALOGING SOURCE
Original cataloging agency CO-JMCR
Transcribing agency CO-JMCR
041 0# - LANGUAGE CODE
Language code of text/sound track or separate title spa
082 04 - DEWEY DECIMAL CLASSIFICATION NUMBER
Classification number 307.0986148 /
Item number S454b
100 1# - MAIN ENTRY--PERSONAL NAME
Personal name Segovia Mora, Guillermo,
Relator term editor
9 (RLIN) 4083
245 10 - TITLE STATEMENT
Title Bogotá hoy :
Remainder of title democracia, convivencia y poblaciones vulnerables /
Statement of responsibility, etc. Guillermo Segovia Mora,
260 ## - PUBLICATION, DISTRIBUTION, ETC.
Place of publication, distribution, etc. Bogotá :
Name of publisher, distributor, etc. Consejería para Asuntos Sociales. Alcaldía Mayor de Santafé de Bogotá,
Date of publication, distribution, etc. 1994
300 ## - PHYSICAL DESCRIPTION
Extent xviii, 421 páginas ;
Other physical details gráficos a blanco y negro ;
Dimensions 24 cm.
505 ## - FORMATTED CONTENTS NOTE
Formatted contents note Democracia. Participación y desarrollo local -- La mujer -- La juventud y la niñez -- Grupos en riesgo de exclusión y violencia urbana
520 ## - SUMMARY, ETC.
Summary, etc. A partir de la expedición de las Constitución de 1991, Santafé de Bogotá es escenario de importantes cambios relacionados con la descentralización, el desarrollo local y la participación ciudadana.
650 14 - SUBJECT ADDED ENTRY--TOPICAL TERM
Topical term or geographic name entry element Descentralización administrativa
General subdivision Aspectos sociales
9 (RLIN) 4084
650 24 - SUBJECT ADDED ENTRY--TOPICAL TERM
Topical term or geographic name entry element Bogotá Participación social
General subdivision Urbanismo Mujeres
9 (RLIN) 4085
650 24 - SUBJECT ADDED ENTRY--TOPICAL TERM
Topical term or geographic name entry element Condiciones sociales
General subdivision Violencia urbana
9 (RLIN) 4086
942 ## - ADDED ENTRY ELEMENTS (KOHA)
Source of classification or shelving scheme Dewey Decimal Classification
Koha item type Books
Existencias
Withdrawn status Lost status Source of classification or shelving scheme Materials specified (bound volume or other part) Damaged status Not for loan Home library Current library Shelving location Date acquired Source of acquisition Cost, normal purchase price Total Checkouts Full call number Barcode Date last seen Copy number Price effective from Koha item type
    Dewey Decimal Classification Donación--01/01/2017--     Biblioteca Pública José María del Castillo y Rada Biblioteca Pública José María del Castillo y Rada General Stacks 11/28/2019 Donación 0.00   307.0986148 / S454b 430001195 05/16/2024 Ej.1 11/28/2019 Books